Similar answers - Statistics

General Stats
  • This quiz has been taken 23 times
  • The average score is 10 of 24
Answer Stats
Hint Answer % Correct
Person who makes coffee Barista
86%
Capital of Senegal Dakar
73%
Capital of Lebanon Beirut
68%
Capital of Bangladesh Dhaka
68%
Person who has been called to the bar Barrister
59%
Extinct flightless bird of New Zealand Moa
59%
Swedish director, 1918-2007 Ingmar Bergman
55%
Swedish actress, 1915-1982 Ingrid Bergman
55%
Pacific island nation Nauru
55%
First Prime Minister of India Jawaharlal Nehru
50%
Strait between the Sea of Marmara and the Black Sea Bosphorus
45%
Giant Polynesian head Moai
45%
Chemical element, atomic number 15 Phosphorus
45%
Giant gorilla King Kong
36%
African country Angola
32%
Special Administrative Region Hong Kong
32%
Town in Bavaria Bayreuth
27%
British territory in the Caribbean Anguilla
23%
Chemical element, atomic number 56 Barium
18%
Type of subatomic particle containing three quarks Baryon
14%
Bond 18, 1997 Tomorrow Never Dies
14%
Tiny monkey of Central and South America Tamarin
9%
Fruit tree of tropical Africa Tamarind
9%
Song by the Beatles, 1966 Tomorrow Never Knows
9%
No matching quizzes found
Score Distribution
Percent of People with Each Score
Percentile by Number Answered
Your Score History
You have not taken this quiz